000 00740nam a2200253Ia 4500
003 OSt
005 20220918223802.0
006 a|||||r|||| 00| 0
007 ta
008 220917b |||||||| |||| 00| 0 eng d
024 _a225,119
037 _cTextual
040 _aARTS
_cARTS
_beng
041 _2eng
_aeng
082 _aV2:2.N, P5-;1
100 _aKapur Devesh Ed.
_9146644
245 0 _aPublic institutions in India performance and design
260 _aNew Delhi
_bOxford University Press India
_c2005
300 _aix, 491p.
_ccm.
650 _aHISTORY
700 _a Mehta Pratap Bhanu Ed.
_9146645
942 _hV2:2.N, P5-;1
_cTEXL
_2CC
999 _c279462
_d279462